000 01055cab a2200205 4500
001 ABS47358
008 090401t xxu||||| |||| 00| 0 eng d
035 _a(Sirsi) u61735
041 _aeng
245 _aMaier v Freistaat Bayern
350 _a0
490 _aTranscript
520 _aEuropean Court Third Chamber 9 July 1992. Questions arose between the parties in respect of the refusal by B to allocate M a quantity of milk quota under the system of additional quota on the grounds that he had let his holding and was therefore not in a position to produce on his holding the amount of milk required. The court held that the regulations only covered a farmer who was responsible for the operation of all relevant production units. If the holding was let those conditions were satisified only by the lessee. The owner had therfore forfieted the right to an allocation of a specific milk quota.
650 _aADDITIONAL MILK QUOTA
650 _aLEASING
650 _aMILK QUOTAS
690 _aRURAL PRACTICE
942 _n0
948 _c04/03/1997
999 _c38288
_d38288